Normal view
MARC view
Entry Personal Name
001 - CONTROL NUMBER
- control field: 36456
003 - CONTROL NUMBER IDENTIFIER
- control field: dpl
005 - DATE AND TIME OF LATEST TRANSACTION
- control field: 20111202143553.0
008 - FIXED-LENGTH DATA ELEMENTS
- fixed length control field: 111202|||a|||||| | ||| d
040 ## - CATALOGING SOURCE
- Original cataloging agency: dpl
- Transcribing agency: dpl
100 ## - HEADING--PERSONAL NAME
- Personal name: Kashyap, Aparajita
670 ## - SOURCE DATA FOUND
- Source citation: Work cat.: (dpl)58897: Kashyap, Aparajita, 101 Questions & Answers Clean, Green Technology :, 2008
670 ## - SOURCE DATA FOUND
- Source citation: Work cat.: (dpl)58897: Kashyap, Aparajita, 101 Questions & Answers Clean, Green Technology :, 2008
